| 000 | 01305cam a2200217 4500 | ||
|---|---|---|---|
| 001 | ABS66432 | ||
| 008 | 030304n2003 000 0 eng u | ||
| 035 | _a(Sirsi) u121494 | ||
| 245 | _aSalary survey 2003: realism returns | ||
| 260 | _c2003 | ||
| 490 |
_aPremises and Facilities Management _vFebruary 2003, 15-16(2) |
||
| 520 | _aExamines the Hays Montrose survey of facilities management salaries 2003 which looks at the last 12 months. Notes that FM salaries are now becoming more realistic but the opportunities in the industry are still there. A consolidation of FM service providers has taken place with a re-branding of the major players. There has been a continuing trend to outsource facilities to service providers but much recruitment is still on hold following recent political and economic uncertainties. Mentions the benefit packages for the industry and notes that while the arrangements on offer are often rather basic, they are a major factor when applicants are assessing job offers. Tables of typical salaries for different FM levels by region. | ||
| 590 | _aABS | ||
| 650 | _aSALARY SURVEYS | ||
| 650 | _aHAYS MONTROSE | ||
| 650 | _aFM INDUSTRY | ||
| 650 | _aFINANCIAL SERVICES | ||
| 650 | _aWORKING CONDITIONS | ||
| 690 | _aMANAGEMENT-FACILITIES MANAGEMENT | ||
| 942 | _n0 | ||
| 999 |
_c72204 _d72204 |
||